The collected works of C. G. Jung / (Record no. 32251)
[ view plain ]
| 000 -LEADER | |
|---|---|
| fixed length control field | 01009nam a2200289 a 4500 |
| 001 - CONTROL NUMBER | |
| control field | 32251 |
| 003 - CONTROL NUMBER IDENTIFIER | |
| rucl marc code | BD-RjUL |
| 005 - DATE AND TIME OF LATEST TRANSACTION | |
| control field | 20211209051816.0 |
| 008 - FIXED-LENGTH DATA ELEMENTS--GENERAL INFORMATION | |
| fixed length control field | 140424s1957 enka b 001 0 eng d |
| 035 ## - SYSTEM CONTROL NUMBER | |
| System control number | (BD-RjUL)32340 |
| 040 ## - CATALOGING SOURCE | |
| Original cataloging agency | DLC |
| Transcribing agency | DLC |
| Modifying agency | DLC |
| -- | BD-RjUL |
| Language of cataloging | eng |
| 041 0# - LANGUAGE CODE | |
| Language code of text/sound track or separate title | engger |
| 082 00 - DEWEY DECIMAL CLASSIFICATION NUMBER | |
| Classification number | 150.1954 |
| Edition number | 19 |
| Author mark and year | JUC V-1 1957 |
| 100 1# - MAIN ENTRY--PERSONAL NAME | |
| Personal name | Jung, C. G. |
| Fuller form of name | (Carl Gustav), |
| Dates associated with a name | 1875-1961. |
| 9 (RLIN) | 5179 |
| 245 14 - TITLE STATEMENT | |
| Title | The collected works of C. G. Jung / |
| Statement of responsibility, etc. | editors, Herbert Read, Michael Fordham, Gerhard Adler. |
| Number of part/section of a work | Volume 1 : |
| Name of part/section of a work | psychiatric studies / C. G. Jung; translated by R. F. C. Hull. |
| 260 ## - PUBLICATION, DISTRIBUTION, ETC. (IMPRINT) | |
| Place of publication, distribution, etc. | London : |
| Name of publisher, distributor, etc. | Routledge & Kehan Paul, |
| Date of publication, distribution, etc. | 1957. |
| 300 ## - PHYSICAL DESCRIPTION | |
| Pagination | xiii, 269 p. ; |
| Size | 24 cm. |
| 504 ## - BIBLIOGRAPHY, ETC. NOTE | |
| Bibliography, etc | Includes bibliographical references and index. |
| 650 #0 - SUBJECT ADDED ENTRY--TOPICAL TERM | |
| Topical term or geographic name as entry element | Psychoanalysis. |
| 9 (RLIN) | 89962 |
| 700 1# - ADDED ENTRY--PERSONAL NAME | |
| Personal name | Read, Herbert, |
| Dates associated with a name | 1893-1968. |
| Personal name | Fordham, Michael, |
| Dates associated with a name | 1905- |
| Personal name | Adler, Gerhard, |
| Dates associated with a name | 1904- |
| 942 ## - ADDED ENTRY ELEMENTS (KOHA) | |
| Source of classification or shelving scheme | Dewey Decimal Classification |
| Koha item type | Books |
| Lost status | Source of classification or shelving scheme | Damaged status | Not for loan | Collection code | Permanent Location | Current Location | Shelving location | Date acquired | Source of acquisition | Cost, normal purchase price | Total Checkouts | Full call number | Date last seen | Copy number | Koha item type |
|---|---|---|---|---|---|---|---|---|---|---|---|---|---|---|---|
| Dewey Decimal Classification | Not For Loan | Non-fiction | Central Library, University of Rajshahi | Central Library, University of Rajshahi | Reading Room | 09/07/1968 | Sweets & Zeitlinger | 25.00 | 150.1954 JUC V-1 1957 | 24/04/2014 | C-1 | Books |